The Sahib's manual for the Mali : (Record no. 195165)

MARC details
000 -LEADER
fixed length control field 00697nam a22002057a 4500
005 - DATE AND TIME OF LATEST TRANSACTION
control field 20230228121240.0
010 ## - LCCN (DPL NO)
LC control number B-182255
020 ## - INTERNATIONAL STANDARD BOOK NUMBER
International Standard Book Number 9788178241005
Terms of availability 350.00
035 ## - SYSTEM CONTROL NUMBER
System control number B-182255
037 ## - SOURCE OF ACQUISITION
Stock number BPPD/PUB
082 ## - DEWEY DECIMAL CLASSIFICATION NUMBER
Classification number 635
100 ## - MAIN ENTRY--PERSONAL NAME
Personal name Lancaster, Sydney Percy
245 ## - TITLE STATEMENT
Title The Sahib's manual for the Mali :
Remainder of title Everyday gardening in India:
Statement of responsibility, etc by Sydney Percy- Lancaster, edited by Laeeq futehally/
260 ## - PUBLICATION, DISTRIBUTION, ETC. (IMPRINT)
Place of publication, distribution, etc Delhi
Name of publisher, distributor, etc Permanent Black
Date of publication, distribution, etc 2005
270 ## - ADDRESS
Address D-28 Oxford Apartment , 11 I.P Extension
City Delhi
Postal code 110092
300 ## - PHYSICAL DESCRIPTION
Extent ix, pages -227
Other physical details ill(Black and white)
Dimensions 27cm(Hb)
500 ## - GENERAL NOTE
General note Included index
700 ## - ADDED ENTRY--PERSONAL NAME
Personal name Futehally,Laeeq
942 ## - ADDED ENTRY ELEMENTS (KOHA)
Source of classification or shelving scheme Dewey Decimal Classification
Item type English Books
Classification part 635
Call number suffix PER
Holdings
Withdrawn status Lost status Not for loan Collection code Home library Current library Date acquired Source of acquisition Cost, normal purchase price Full call number Barcode Cost, replacement price Koha item type
      Non-fiction Bawana Bawana 28/02/2023 BPPD/PUB 350.00 635 PER B-182255 350.00 English Books

© Delhi Public Library
Hit Counter
free hit counter